Scientific American Mind

محفوظ في:

التنسيق: دورية

اللغة: Undetermined

منشور في: JSTOR
Scientific American, a division of Nature America, Inc.

الوصول للمادة أونلاين: Login to view Source

الوسوم: إضافة وسم

لا توجد وسوم, كن أول من يضع وسما على هذه التسجيلة!

رقم الطلب:

LEADER 00509nas a2200157Ia 4500
008 220214c99999999xx |||||||||||| ||und||
022 |a 1555-2284 
022 |a 2331-379X 
245 0 0 |a Scientific American Mind 
264 1 |b JSTOR 
264 1 |b Scientific American, a division of Nature America, Inc. 
362 0 |a Vol. 14(2004)-27 (2016) 
856 4 0 |u https://www.jstor.org/journal/scieamermind 
942 |c JL 
952 |0 0  |1 0  |4 0  |7 1  |9 37156  |a JSR  |b JSR  |d 2022-02-14  |l 0  |r 2022-02-14 00:00:00  |w 2022-02-14  |y JL 
999 |c 45487  |d 45487